000 01300nam a22002297a 4500
999 _c3109
_d3109
005 20231010080741.0
008 231010b ||||| |||| 00| 0 eng d
020 _a9781843653950
040 _cKH8
082 _a870 BEE
100 _aBee, William
_eAuthor
245 _aArty! : the greatest artist in the world /
_cWilliam Bee
260 _aLondon,
_b Pavilion,
_c2018
300 _a 1 volume (unpaged) :
_bcolour illustrations ;
_c29 cm
520 _a"Arty is a frog. But not just any frog. He's also the greatest artist in the world. But how did he become the greatest artist in the world? Well, he had to paint the highest painting in the world. And the wobbliest. The fastest. The wettest. The loudest. And don't forget the hairiest and scariest! Join Arty and his agent, Mr Grimaldi, as they get themselves into all sorts of strange situations - from balancing on a stepladder at the top of Mount Everest, being strapped on the wing of a supersonic plane, coming face to face with a very big gorilla, balancing on a tightrope and much much more."--Provided by publisher
521 _a Picture books for children
650 _aArtists
650 _aArtists Children's picture books
650 _aChildren's picture books
700 _aBee, William
_eIllustrator
942 _2ddc
_cFIC